01017nas a2200241Ia 4500001001100000003000900011008004100020040001300061040001300074041001300087100003800100210001800138222001800156245008900174250001100263260004100274501008600315300001100401310001200412362003300424500026400457650005400721R138/G3725IT-RoPAU151124c99999999xx |||||||||||| ||und|| aIT-RoPAU cIT-RoPAU aITALIANO aAA.VV. gCodice Aut. SPICS: 12000 aFAMIGLIA OGGI aFamiglia Oggi aFAMIGLIA OGGI, ANNO 23-N.04 (APRILE 2000)bFamiglia Oggi, Anno 23-N.04 (Aprile 2000) a1a ed. aALBA (CN)bPERIODICI SAN PAOLOc2000 bPaulus - SPICS - Società San Paolo EM (non-commercial uses only)cCopyright2015 a108 p. aMENSILE aANNO 023, N.04 (APRILE 2000) aParadossi del Benessere: Sesto Rapporto Cisf Sulla Famiglia in Italia. Trabenessere e Felicità di Giorgio Campanini. Oltre L'Assistenzialismo: Nuovi Orizzonti del Benessere di Pierpaolo Donati. Alla Radice dell'Identità Familiare Dalla Matrice Simbolica d aCOMUNICAZIONE - FAMIGLIAvPUBBLICAZIONE PERIODICA